Countries Revealed By Oil Production - Statistics

General Stats
  • This quiz has been taken 113 times
  • The average score is 10 of 11
Answers on the Map
Answers color-coded by a green-red scale on the quiz's map according to % correct below.
 
Answer Stats
Answer % Correct
United States
99%
China
94%
Egypt
93%
Iceland
89%
Spain
89%
Ukraine
88%
Finland
85%
Namibia
83%
Cambodia
80%
Paraguay
77%
Tanzania
74%
No matching quizzes found
Score Distribution
Percent of People with Each Score
Percentile by Number Answered
Your Score History
You have not taken this quiz